Fundamentals of numerical analysis
Αποθηκεύτηκε σε:
| Κύριος συγγραφέας: | |
|---|---|
| Μορφή: | Βιβλίο |
| Γλώσσα: | Αγγλικά |
| Έκδοση: |
Nueva York
The Ronald Press Company
1963
|
| Θέματα: | |
| Ετικέτες: |
Προσθήκη ετικέτας
Δεν υπάρχουν, Καταχωρήστε ετικέτα πρώτοι!
|
MARC
| LEADER | 00000cam a2200000 a 4500 | ||
|---|---|---|---|
| 001 | UCF2853 | ||
| 003 | CL-VaPUC | ||
| 008 | 120910e19630000US |||||||||||||||||eng|d | ||
| 082 | 0 | 4 | |a 519.4 |b FOX |2 21 |
| 100 | 0 | |a Fox, Augustus H |e author |9 564685 | |
| 245 | 1 | 0 | |a Fundamentals of numerical analysis |
| 300 | |a 147 p | ||
| 942 | |c BK | ||
| 945 | |d 20120910 00:00:00 |a dcastane | ||
| 260 | |a Nueva York |b The Ronald Press Company |c 1963 | ||
| 650 | 0 | |a Análisis numérico |9 259387 | |
| 583 | |a last modification |c 20120910 11:39:00 |k Rodrigo Vera | ||
| 999 | |c 349391 |d 349389 | ||
| 952 | |0 0 |1 0 |4 0 |6 519_400000000000000_FOX_1963 |7 0 |8 A |9 452000 |a BIBMAT |b BIBMAT |d 2019-11-22 |i 4888189 |o 519.4 FOX 1963 |p 4888189 |r 2025-01-07 |w 2019-11-22 |y BK |k MAT | ||